000 00683cam a22002293a 4500
001 21783
003 PGUSA
005 20140828083449.0
008 070609s2007||||xxu|||||s|||||000 | eng d
040 _aPGUSA
_beng
042 _adc
050 4 _aPE
100 1 _aAshmore, Otis,
_d1853-
245 1 2 _aA Manual of Pronunciation :
_bFor Practical Use in Schools and Families
_h[electronic resource] /
_cOtis Ashmore
260 _bProject Gutenberg,
_c2007
506 _aPublic domain in the USA.
516 _aElectronic text
653 _aEnglish language -- Pronunciation
830 0 _aProject Gutenberg
_v21783
856 4 0 _uhttp://www.gutenberg.org/ebooks/21783
942 _cEB
999 _c251038
_d251038